<?xml version="1.0" encoding="UTF-8"?>
<record
    xmlns:xsi="http://www.w3.org/2001/XMLSchema-instance"
    xsi:schemaLocation="http://www.loc.gov/MARC21/slim http://www.loc.gov/standards/marcxml/schema/MARC21slim.xsd"
    xmlns="http://www.loc.gov/MARC21/slim">

  <leader>01922ngm a2200397 a 4500</leader>
  <controlfield tag="005">20220317001836.0</controlfield>
  <controlfield tag="008">170410s2013    c      g      000 0 s    </controlfield>
  <datafield tag="041" ind1=" " ind2=" ">
    <subfield code="a">ENG</subfield>
  </datafield>
  <datafield tag="082" ind1="0" ind2="4">
    <subfield code="a">791.43658</subfield>
    <subfield code="b">D32</subfield>
  </datafield>
  <datafield tag="245" ind1="0" ind2="0">
    <subfield code="a">10 grandes pel&#xED;culas de piratas</subfield>
    <subfield code="h">videodisco digital</subfield>
  </datafield>
  <datafield tag="250" ind1=" " ind2=" ">
    <subfield code="a">1a. edici&#xF3;n</subfield>
  </datafield>
  <datafield tag="300" ind1=" " ind2=" ">
    <subfield code="a">6 DVD (120 minutos cada uno)</subfield>
    <subfield code="b">sonido, en blanco y negro y en color</subfield>
    <subfield code="c">12 cm</subfield>
  </datafield>
  <datafield tag="490" ind1=" " ind2=" ">
    <subfield code="a">Cine club pel&#xED;culas para coleccionistas</subfield>
  </datafield>
  <datafield tag="505" ind1=" " ind2=" ">
    <subfield code="a">DVD 1. Piratas de naufragios / Cecil Demille  DVD 2. Los bucaneros / Anthony Quinn ; El capit&#xE1;n pirata / Frederick de Cordova  DVD 3. El capit&#xE1;n Blood / Michael Curtiz ; La isla de los corsarios / George Sherman  DVD 4. El pirata y la dama / Mitchell Leisen ; El cisne negro / Henry King  DVD 5. El pirata pelirrojo / Robert Siodmak  DVD 6. La princesa y el pirata / David Butler ; Barbanegra el pirata / Raoul Walsh</subfield>
  </datafield>
  <datafield tag="546" ind1=" " ind2=" ">
    <subfield code="a">Pel&#xED;culas en ingl&#xE9;s con subt&#xED;tulos en espa&#xF1;ol</subfield>
  </datafield>
  <datafield tag="650" ind1="1" ind2="4">
    <subfield code="2">LEMB</subfield>
    <subfield code="a">Aventuras en el mar</subfield>
    <subfield code="v">Videodiscos</subfield>
  </datafield>
  <datafield tag="650" ind1="1" ind2="4">
    <subfield code="2">LEMB</subfield>
    <subfield code="a">Pel&#xED;culas cinematogr&#xE1;ficas</subfield>
    <subfield code="v">Colecciones</subfield>
    <subfield code="v">Videodiscos</subfield>
    <subfield code="y">Siglo XX</subfield>
  </datafield>
  <datafield tag="650" ind1="1" ind2="4">
    <subfield code="2">LEMB</subfield>
    <subfield code="a">Piratas</subfield>
    <subfield code="v">Videodiscos</subfield>
  </datafield>
  <datafield tag="650" ind1="1" ind2="4">
    <subfield code="2">LEMB</subfield>
    <subfield code="a">Pel&#xED;culas de aventuras</subfield>
    <subfield code="v">Videodiscos</subfield>
    <subfield code="y">Siglo XX</subfield>
  </datafield>
  <datafield tag="700" ind1="1" ind2=" ">
    <subfield code="a">Demille, Cecil B.</subfield>
    <subfield code="d">1881-1959</subfield>
    <subfield code="9">77823</subfield>
  </datafield>
  <datafield tag="700" ind1="1" ind2=" ">
    <subfield code="a">Quinn, Anthony</subfield>
    <subfield code="d">1915-2001</subfield>
    <subfield code="9">77824</subfield>
  </datafield>
  <datafield tag="700" ind1="1" ind2=" ">
    <subfield code="a">Curtiz, Michael</subfield>
    <subfield code="d">1888-1962</subfield>
    <subfield code="9">77825</subfield>
  </datafield>
  <datafield tag="700" ind1="1" ind2=" ">
    <subfield code="a">Cordova, Frederick de</subfield>
    <subfield code="d">1910-2001</subfield>
    <subfield code="9">77826</subfield>
  </datafield>
  <datafield tag="700" ind1="1" ind2=" ">
    <subfield code="a">Sherman, George</subfield>
    <subfield code="d">1908-1991</subfield>
    <subfield code="9">77827</subfield>
  </datafield>
  <datafield tag="700" ind1="1" ind2=" ">
    <subfield code="a">Leisen, Mitchell</subfield>
    <subfield code="d">1898-1972</subfield>
    <subfield code="9">77828</subfield>
  </datafield>
  <datafield tag="700" ind1="1" ind2=" ">
    <subfield code="a">King, Henry</subfield>
    <subfield code="d">1886-1982</subfield>
    <subfield code="9">72703</subfield>
  </datafield>
  <datafield tag="700" ind1="1" ind2=" ">
    <subfield code="a">Siodmak, Robert</subfield>
    <subfield code="d">1900-1973</subfield>
    <subfield code="9">77829</subfield>
  </datafield>
  <datafield tag="700" ind1="1" ind2=" ">
    <subfield code="a">Butler, David</subfield>
    <subfield code="d">1894-1979</subfield>
    <subfield code="9">77830</subfield>
  </datafield>
  <datafield tag="700" ind1="1" ind2=" ">
    <subfield code="a">Walsh, Raoul</subfield>
    <subfield code="d">1887-1980</subfield>
    <subfield code="9">72702</subfield>
  </datafield>
  <datafield tag="942" ind1=" " ind2=" ">
    <subfield code="2">ddc</subfield>
    <subfield code="c">DVD</subfield>
  </datafield>
  <datafield tag="264" ind1=" " ind2=" ">
    <subfield code="a">Bogot&#xE1;</subfield>
    <subfield code="b">Ejd Movies</subfield>
    <subfield code="c">2013</subfield>
  </datafield>
  <datafield tag="336" ind1=" " ind2=" ">
    <subfield code="a">texto</subfield>
    <subfield code="b">txt</subfield>
    <subfield code="2">rdacontent</subfield>
  </datafield>
  <datafield tag="337" ind1=" " ind2=" ">
    <subfield code="a">sin mediaci&#xF3;n</subfield>
    <subfield code="b">n</subfield>
    <subfield code="2">rdamedia</subfield>
  </datafield>
  <datafield tag="338" ind1=" " ind2=" ">
    <subfield code="a">volumen</subfield>
    <subfield code="b">nc</subfield>
    <subfield code="2">rdacarrier</subfield>
  </datafield>
  <datafield tag="040" ind1=" " ind2=" ">
    <subfield code="a">CO-BoRNBP</subfield>
    <subfield code="b">spa</subfield>
    <subfield code="e">rda</subfield>
    <subfield code="c">CO-BoRNBP</subfield>
  </datafield>
  <datafield tag="999" ind1=" " ind2=" ">
    <subfield code="c">8274</subfield>
    <subfield code="d">8274</subfield>
  </datafield>
</record>
